Modeling and Controller Design for an Inverted Pendulum System (Record no. 327364)

000 -LEADER
fixed length control field 00379 a2200133 4500
001 - CONTROL NUMBER
control field 92291
082 ## - DEWEY DECIMAL CLASSIFICATION NUMBER
Classification number PR 2554
090 ## - LOCALLY ASSIGNED LC-TYPE CALL NUMBER (OCLC); LOCAL CALL NUMBER (RLIN)
-- 44246
-- 44247
100 ## - MAIN ENTRY--PERSONAL NAME
Personal name Ahmed; Prof. Nayyar Aafaq and Rameez (Advisors)
245 ## - TITLE STATEMENT
Title Modeling and Controller Design for an Inverted Pendulum System
Number of part/section of a work 78 "B" EC
260 ## - PUBLICATION, DISTRIBUTION, ETC.
Place of publication, distribution, etc. Islamabad
Name of publisher, distributor, etc. NUST
Date of publication, distribution, etc. 2015
300 ## - PHYSICAL DESCRIPTION
Extent 42p.
500 ## - GENERAL NOTE
General note BE Project Reports
942 ## - ADDED ENTRY ELEMENTS (KOHA)
Institution code [OBSOLETE] CAE NUST
Call number prefix PR 2554
Holdings
Withdrawn status Lost status Damaged status Not for loan Collection code Permanent Location Current Location Date acquired Total Checkouts Full call number Barcode Date last seen Price effective from Koha item type
          College of Aeronautical Engineering (CAE) College of Aeronautical Engineering (CAE) 04/03/2017   PR 2554 CAEPR-2554 04/05/2017 04/05/2017 Book
© 2023 Central Library, National University of Sciences and Technology. All Rights Reserved.